000 00643cam a22002171 4500
001 ca 34001988
003 DLC
005 20260227111136.0
008 890714s1933 ohu 000 0 eng
010 _aca 34001988
035 _a(OCoLC)20008345
040 _aDLC
_cRPB
_dRPB
_dDLC
042 _apremarc
050 0 0 _aPS3539.H578
_bC7 1933
082 _a812.5
100 1 _aThomas, Gertrude I.
_q(Gertrude Ida),
_d1889-
245 1 0 _aCrazy about it?
_cBy Gail White [pseud.] ...
260 _aFranklin, O.,
_aDenver, Colo.,
_bEldridge Entertainment House,
_cc1933.
300 _a13 p.
_c19 cm.
490 0 _aEldridge plays for girls and women
999 _c17680
_d17680